Statistics for NFL PLAYOFF RUSHING TD LEADERS SINCE 2020

Click here to take the quiz!

General Stats

  • This quiz has been taken 21 times
  • The average score is 5 of 11

Answer Stats

HintAnswer% Correct
QB (5 TDs)Jalen Hurts
94%
#23 HB (2)Christian McCaffrey
61%
#26 HB (2)Miles Sanders
56%
#7 HB (2)Leonard Fournette
50%
#7 HB (3)Leonard Fournette
50%
#26 HB (3)Devin Singletary
39%
QB (2)Matthew Stafford
33%
#26 HB (2)Saquon Barkley
33%
#3 HB (2)Cam Akers
28%
#35 HB (2)Boston Scott
11%
#27 HB (3)Kareem Hunt
11%

Score Distribution

Percentile by Number Answered

Percent of People with Each Score

Your Score History

You have not taken this quiz